00528nam a2200169k 4500008004100000100002100041245008100062260003300143300003800176440003500214650002200249650002100271740003900292003000100331005001700332040000900349 10aGhyka, Matila C.12aA practical handbook of geometrical composition and design,cby Matila Ghyka0 aLondon bA. Tiranti,c[1964] a48 p. :bill+16 plates, ;c16 cm.1 aLecture/essays on art ;vno. 2 0aComposition (Art) 0aProportion (Art)01aGeometrical composition and design20230123122234.0 cNUST